000 00749nam a2200253Ia 4500
003 OSt
005 20220928125352.0
006 a|||||r|||| 00| 0
007 ta
008 220927b |||||||| |||| 00| 0 eng d
020 _cUSD 128.00
024 _a139130
037 _b30, 18/01/2019, Aviva Books Company
_cTextual
040 _aSDCL
_cSDCL
_beng
041 _2eng
_aeng
082 _aB313N, Q9
100 _aMortad Mohammed Hichem
_9469391
245 0 _aOperator theory problem book
260 _aNew Jersey
_bWorld Scientific
_c2019
300 _axvii,637p.
_ccm.
650 _aMathematics
942 _hB313N, Q9
_cTEXL
_2CC
999 _c782053
_d782053